100 największych miast w Brazylii na mapie - Statystyki

Ogólne statystyki
  • Ten quiz został rozwiązany 154 razy
    103 od ostatniego zresetowania
  • Średni wynik to 14 z 100
Odpowiedzi na mapie
Odpowiedzi zakodowano w zielono-czerwonej skali na mapie do tego quizu, zgodnie z poniższymi procentami.
 
Statystyki odpowiedzi
Estado Populacja Miasto % Poprawnych
Rio de Janeiro 12.619.940 Rio de Janeiro
96%
São Paulo 21.432.480 Sao Paulo
94%
Distrito Federal + Goiás 3.822.910 Brasília
87%
Amazonas 2.171.700 Manaus
71%
Minas Gerais 5.128.880 Belo Horizonte
65%
Bahia 3.754.550 Salvador
62%
Rio Grande do Sul 3.063.110 Porto Alegre
61%
Pará 2.174.540 Belém
59%
Ceará 3.553.110 Fortaleza
57%
Pernambuco 3.925.820 Recife
57%
Paraná 3.231.590 Kurytyba
48%
Rio Grande do Norte 1.300.070 Natal
33%
Goiás 2.463.100 Goiânia
30%
Maranhão 1.192.930 São Luís
25%
Espírito Santo 1.826.590 Vitória
25%
São Paulo 1.731.580 Baixada Santista
23%
São Paulo 2.125.090 Campinas
20%
Mato Grosso 881.700 Cuiabá
19%
Santa Catarina 1.003.590 Florianópolis
19%
Roraima 390.070 Boa Vista
17%
Alagoas 1.195.260 Maceió
16%
Pará 223.120 Santarém
14%
Maranhão + Piauí 962.270 Teresina
14%
Mato Grosso do Sul 883.960 Campo Grande
13%
Paraíba 1.115.440 João Pessoa
13%
Amapá 600.640 Macapá
13%
Acre 373.990 Rio Branco
13%
Rondônia 500.230 Porto Velho
12%
Rio Grande do Sul 202.660 Rio Grande
12%
Tocantins 290.490 Palmas
10%
São Paulo 1.036.550 São José dos Campos
10%
Minas Gerais 672.140 Uberlândia
10%
Sergipe 1.010.310 Aracaju
9%
Paraná 720.950 Londrina
9%
Pará 222.680 Marabá
9%
São Paulo 859.160 Ribeirão Preto
9%
Mato Grosso 223.630 Rondonópolis
9%
Goiás 380.150 Anápolis
7%
Paraíba 434.930 Campina Grande
7%
Rio Grande do Sul 559.810 Caxias do Sul
7%
Paraná 277.600 Foz do Iguaçu
7%
Paraná 625.290 Maringá
7%
Rio Grande do Sul 621.090 Novo Hamburgo / São Leopoldo
7%
Rio Grande do Sul 272.770 Santa Maria
7%
São Paulo 578.530 São José do Rio Preto
7%
Goiás 218.440 Rio Verde
6%
Rio de Janeiro 486.620 Campos dos Goytacazes
4%
Paraná 317.800 Cascavel
4%
Minas Gerais 543.350 Ipatinga
4%
Minas Gerais 389.560 Montes Claros
4%
Rio de Janeiro 301.970 Petrópolis
4%
São Paulo 275.590 São Carlos
4%
São Paulo 193.220 Araçatuba
3%
Alagoas 196.530 Arapiraca
3%
São Paulo 382.210 Bauru
3%
Santa Catarina 473.400 Blumenau
3%
Pernambuco 320.610 Caruaru
3%
Santa Catarina 205.330 Chapecó
3%
Santa Catarina 362.550 Criciúma
3%
Mato Grosso do Sul 205.860 Dourados
3%
Bahia 564.050 Feira de Santana
3%
Minas Gerais + São Paulo 382.960 Franca
3%
Minas Gerais 268.860 Governador Valadares
3%
Maranhão 255.900 Imperatriz
3%
Santa Catarina 584.640 Itajaí / Balneário Camboriú
3%
São Paulo 280.620 Itu / Salto
3%
Santa Catarina 606.370 Joinville
3%
Ceará 414.290 Juazeiro do Norte
3%
Minas Gerais 583.650 Juiz de Fora
3%
Rio Grande do Norte 271.540 Mossoró
3%
Rio Grande do Sul 198.100 Passo Fundo
3%
Rio Grande do Sul 343.210 Pelotas
3%
Bahia + Pernambuco 436.370 Petrolina / Juazeiro
3%
São Paulo 234.510 Rio Claro
3%
Ceará 201.800 Sobral
3%
São Paulo 864.970 Sorocaba
3%
São Paulo 515.120 Taubaté / Pindamonhangaba
3%
Minas Gerais 326.330 Uberaba
3%
Bahia 305.830 Vitória da Conquista
3%
São Paulo 489.630 Americana / Santa Bárbara d'Oeste
1%
Rio de Janeiro 196.310 Angra dos Reis
1%
São Paulo 290.500 Araraquara
1%
Rio de Janeiro 334.410 Cabo Frio
1%
Espírito Santo 191.030 Cachoeiro de Itapemirim
1%
São Paulo 327.840 Caraguatatuba / Ubatuba / São Sebastião
1%
Minas Gerais 218.440 Conselheiro Lafaiete
1%
Minas Gerais 232.080 Divinópolis
1%
São Paulo 249.100 Indaiatuba
1%
Bahia 207.990 Itabuna
1%
Santa Catarina 231.990 Jaraguá do Sul
1%
São Paulo 772.970 Jundiaí
1%
São Paulo 320.720 Limeira
1%
Rio de Janeiro 462.910 Macaé / Rio das Ostras
1%
São Paulo 243.670 Marília
1%
São Paulo 240.420 Mogi Guaçu / Mogi Mirim
1%
São Paulo 452.080 Piracicaba
1%
Paraná 360.980 Ponta Grossa
1%
São Paulo 307.440 Presidente Prudente
1%
Minas Gerais 248.710 Sete Lagoas
1%
Rio de Janeiro 478.220 Volta Redonda / Barra Mansa
1%
Nie znaleziono quizów pasujących do podanych kryteriów
Rozkład punktacji
Procent ludzi z każdym wynikiem
Percentyl według liczby udzielonych odpowiedzi
Twoja historia wyników
Nie rozwiązałeś tego quizu od ostatniego zresetowania